Podoby mlčania

Bibliographic Details
Main Author: Šišovič, Drahomil (Author)
Format: Article
Language:Slovak
ISSN:0323-2883
Subjects:

MARC

LEADER 00000nab a2200000 a 4500
001 vtls000600045
003 SK-MaSNL
005 20260303200547.0
008 140416c1996 xo 0 slo
015 |a SNBRB19rr/mm-uuuuu 
035 |a CL0600184 
040 |a SNKBUCL  |b slo  |c SNKBUCL  |e AACR2 
041 0 |a slo 
044 |a xo  |c SK 
080 |a 792.091.4:792.7:792.8  |2 1981 
080 |a 792.7  |2 1981 
080 |a 792.8  |2 1981 
100 1 |a Šišovič, Drahomil  |4 aut  |9 864255 
245 1 0 |a Podoby mlčania  |c Drahomil Šišovič 
650 0 7 |a neverbálne divadlo  |2 snkbucl  |9 1230807 
650 0 7 |a Gašparov kolínsky memoriál-mimoriál 1996, Kolín  |2 snkbucl  |9 1230813 
655 7 |a články z novín a časopisov  |2 snkbucl  |9 267496 
773 0 |t Javisko  |g Roč. 28, č. 10 (1996), s. 27  |x 0323-2883 
850 |a Slovenská národná knižnica v Martine  |a MTA001 
852 |a SNK  |b KIS3GCP 
958 |a CZ 
958 |a RK 
992 |a RBX 
999 |c 2168613  |d 2170543